000 00378nam a2200145Ia 4500
008 220217s9999||||xx |||||||||||||| ||und||
020 _a81-7366-578-8
082 _a005.13 SHI
100 _aShirazi, Jack
_93656
245 0 _aJava performance tuning
250 _a2nd
260 _aShroff publications
_bMumbai
_c2007
300 _b450
650 _aPROGRAMMING LANGUAGE
999 _c177209
_d177209